00801nam a2200229Ia 4500003000400000005001700004008004100021020002900062040001700091082002600108100002800134245013200162260002200294300002600316500001900342650001700361700001900378700001800397942000900415952013200424999001500556IIN20250526130128.0250526s2023 xx ad 001 0 eng d cRs.695.00a9789392242373 aIINbEnglish a615.1 bMAT1 aMatreja, Prithpal Singh1 aTextbook of Pharmacologyb for BSc Nurses Students (Semester - III & IV)/cPrithpal Singh Matreja, Davinder Kaur & Gurleen Kaur aPunjabbVHSc2023 axv, 384 p.bcol. ill. aIncludes Index1 aPharmacology aKaur, Davinder aKaur, Gurleen cBOOK 00102ddc40708PURCHaIINbIINcGENd2025-03-11g695.00l0o615.1 MATp2075r2025-05-26 13:01:58w2025-05-26yBOOK c1845d1845